[Event "XXVe Open de Metz"]
[Site "Metz"]
[Date "2007.04.21"]
[Round "8.1"]
[White "Krivoshey, Sergei"]
[Black "Fedorchuk, Sergey A"]
[Result "0-1"]
[WhiteElo "2475"]
[BlackElo "2603"]
[PlyCount "58"]

1. Nf3 Nf6 2. c4 b6 3. g3 c5 4. Nc3 Bb7 5. Bg2 g6 6. O-O Bg7 7. d4 cxd4 8. Qxd4
d6 9. Rd1 Nbd7 10. Be3 Rc8 11. Rac1 O-O 12. Qh4 a6 13. b3 Rc7 14. Bh3 Qb8 15.
Ne1 Ba8 16. Nd3 b5 17. cxb5 Qb7 18. f3 Rxc3 19. Rxc3 Nd5 20. bxa6 Qxa6 21. Rcc1
Nxe3 22. Rd2 Qa7 23. Kh1 Nf6 24. Qa4 Qxa4 25. bxa4 g5 26. Rc8 Nfd5 27. Rxf8+
Kxf8 28. Nf2 Nb4 29. a3 Bc3 0-1

[Event "XXVe Open de Metz"]
[Site "Metz"]
[Date "2007.04.21"]
[Round "8.3"]
[White "Eingorn, Vereslav S"]
[Black "Petkov, Vladimir"]
[Result "1/2-1/2"]
[WhiteElo "2588"]
[BlackElo "2456"]
[PlyCount "112"]

1. c4 Nf6 2. Nf3 e6 3. g3 d5 4. b3 Be7 5. Bg2 O-O 6. O-O a5 7. Nc3 c6 8. Bb2 b6
9. Qc2 Ba6 10. d3 Nbd7 11. e4 Rc8 12. e5 Ne8 13. Ne2 b5 14. Rfd1 Qb6 15. Nf4
Nc7 16. h4 Rfd8 17. Rab1 Nf8 18. Rdc1 c5 19. a4 b4 20. Qe2 Bb7 21. Nh2 Rd7 22.
Ng4 Rcd8 23. Rd1 dxc4 24. dxc4 Bxg2 25. Nxg2 Qc6 26. Ra1 Ne8 27. N4e3 Qe4 28.
f3 Qc6 29. Rxd7 Rxd7 30. Rd1 h5 31. Rxd7 Nxd7 32. Kf2 g6 33. Nf1 Ng7 34. Nd2
Nf5 35. Qe4 Nb8 36. Qd3 Qc7 37. Ne3 Qd7 38. Qxd7 Nxd7 39. Nc2 Kf8 40. Ne4 Ke8
41. Ne1 Kd8 42. Nd3 Kc7 43. Ke2 Kc6 44. Nf4 Bd8 45. Nd3 Be7 46. Ndf2 Bd8 47.
Nh3 Bc7 48. f4 Bd8 49. Ng1 Be7 50. Nf3 Nb8 51. Bc1 Kb6 52. Be3 Nc6 53. Bf2 Nd8
54. Kd3 Kc6 55. Nf6 Nh6 56. Ne4 Nf5 1/2-1/2

[Event "XXVe Open de Metz"]
[Site "Metz"]
[Date "2007.04.21"]
[Round "8.4"]
[White "Aguettaz, Maxime"]
[Black "Shchekachev, Andrei"]
[Result "0-1"]
[WhiteElo "2329"]
[BlackElo "2530"]
[PlyCount "60"]

1. c4 e5 2. Nc3 Nf6 3. Nf3 Nc6 4. e4 Bb4 5. d3 d6 6. Be2 h6 7. O-O Bxc3 8. bxc3
O-O 9. Ne1 Nh7 10. Rb1 Rb8 11. Nc2 f5 12. exf5 Bxf5 13. Ne3 Bg6 14. Bh5 Ne7 15.
Bxg6 Nxg6 16. Qg4 Qe8 17. Nd5 Nf6 18. Nxf6+ Rxf6 19. g3 Qc6 20. h4 Kh8 21. Be3
b6 22. Qe4 Qd7 23. Kg2 Re8 24. Rbe1 Ne7 25. Rh1 Nf5 26. Bg5 Rff8 27. g4 d5 28.
cxd5 Nd6 29. Qg6 Qxg4+ 30. Kf1 Rf6 0-1

[Event "XXVe Open de Metz"]
[Site "Metz"]
[Date "2007.04.21"]
[Round "8.5"]
[White "Lalic, Bogdan"]
[Black "Gharamian, Tigran"]
[Result "1/2-1/2"]
[WhiteElo "2519"]
[BlackElo "2471"]
[PlyCount "39"]

1. d4 Nf6 2. c4 e6 3. Nf3 Bb4+ 4. Nbd2 a5 5. a3 Bxd2+ 6. Qxd2 d6 7. e3 O-O 8.
b3 Qe7 9. Bb2 Nbd7 10. Be2 e5 11. dxe5 dxe5 12. O-O Re8 13. b4 Ne4 14. Qc2 Ng5
15. c5 Nxf3+ 16. Bxf3 Ra6 17. c6 bxc6 18. Bxc6 axb4 19. axb4 Rxa1 20. Bxa1
1/2-1/2

[Event "XXVe Open de Metz"]
[Site "Metz"]
[Date "2007.04.21"]
[Round "8.7"]
[White "Savchenko, Stanislav"]
[Black "Guliyev, Namig"]
[Result "1-0"]
[WhiteElo "2545"]
[BlackElo "2590"]
[PlyCount "43"]
[EventDate "2007.04.21"]

1. d4 d5 2. c4 dxc4 3. Nf3 Nf6 4. Qa4+ Nbd7 5. Qxc4 e6 6. g3 a6 7. Bg2 b5 8.
Qc6 Rb8 9. Bf4 Nd5 10. Bg5 Be7 11. Bxe7 Qxe7 12. Nc3 Nb4 13. Qxc7 Nc2+ 14. Kd1
Nxa1 15. Ne5 b4 16. Ne4 Nxe5 17. Nd6+ Kf8 18. Qxb8 Qd7 19. dxe5 Ke7 20. Kd2 f6
21. f4 a5 22. Rxa1 1-0

[Event "XXVe Open de Metz"]
[Site "Metz"]
[Date "2007.04.21"]
[Round "8.8"]
[White "Kozhuharov, Spas"]
[Black "Spraggett, Kevin"]
[Result "1/2-1/2"]
[WhiteElo "2433"]
[BlackElo "2631"]
[PlyCount "130"]
[EventDate "2007.04.21"]

1. e4 c5 2. Nf3 d6 3. d4 Nf6 4. Nc3 cxd4 5. Nxd4 e6 6. Be3 a6 7. Qd2 Nbd7 8. f3
h5 9. Bc4 Ne5 10. Bb3 Qc7 11. O-O-O Be7 12. Bg5 b5 13. Ndxb5 axb5 14. Nxb5 Qc5
15. Nxd6+ Qxd6 16. Qxd6 Bxd6 17. Rxd6 O-O 18. Rhd1 Ba6 19. Bf4 Ng6 20. Be3 Rfc8
21. Kb1 h4 22. R1d2 h3 23. gxh3 Ne5 24. Rf2 Rd8 25. Rdd2 Kh7 26. Bf4 Ng6 27.
Bd6 Nh5 28. c4 Nhf4 29. h4 Kh6 30. Kc2 Rdc8 31. Kc3 Ra7 32. c5 Kh5 33. a4 Bb7
34. Bd1 Bc6 35. b4 f5 36. b5 Ba8 37. Kb4 Nh3 38. Rfe2 Nxh4 39. Re3 f4 40. Rc3
g5 41. c6 Rf7 42. Rdc2 Kg6 43. b6 g4 44. fxg4 f3 45. Bg3 f2 46. Be2 Nf3 47.
Rxf3 Rxf3 48. Bc7 f1=Q 49. Bxf1 Rxf1 50. Kb5 Rf7 51. Be5 Ng5 52. a5 Nf3 53. Bb2
e5 54. a6 Nd4+ 55. Bxd4 exd4 56. Rc4 Bxc6+ 57. Rxc6+ Rxc6 58. Kxc6 d3 59. a7 d2
60. a8=Q d1=Q 61. Qg8+ Rg7 62. Qe8+ Rf7 63. Qg8+ Rg7 64. Qe8+ Rf7 65. Qg8+ Rg7
1/2-1/2

[Event "XXVe Open de Metz"]
[Site "Metz"]
[Date "2007.04.21"]
[Round "8.9"]
[White "Laurent, Bruno"]
[Black "Malakhatko, Vadim"]
[Result "0-1"]
[WhiteElo "2399"]
[BlackElo "2598"]
[PlyCount "140"]
[EventDate "2007.04.21"]

1. e4 c5 2. Nf3 e6 3. c3 Nf6 4. e5 Nd5 5. d4 cxd4 6. cxd4 d6 7. Bc4 Nb6 8. Bd3
dxe5 9. dxe5 Na6 10. O-O Nc5 11. Bc2 Nd5 12. Nc3 Nxc3 13. Qxd8+ Kxd8 14. bxc3
h6 15. Be3 Kc7 16. Nd4 Bd7 17. Rab1 Rc8 18. Nb5+ Bxb5 19. Rxb5 b6 20. a4 Nd7
21. a5 Bc5 22. Bd4 Bxd4 23. cxd4 Kb8 24. Bd3 Rc3 25. Rd1 a6 26. Rb2 b5 27. f4
Rd8 28. Be2 Kc7 29. Bh5 g6 30. Bf3 Nb8 31. d5 exd5 32. Rxd5 Nc6 33. Rbd2 b4 34.
Rb2 b3 35. h4 Nb4 36. Rxd8 Kxd8 37. Kh2 Nd3 38. Rb1 Ke7 39. Be2 Nc5 40. h5 gxh5
41. Bxh5 f6 42. Bg4 fxe5 43. fxe5 Rc4 44. Bf5 Rb4 45. Rd1 b2 46. Kh3 Ne4 47.
Rd7+ Ke8 48. e6 Ng5+ 49. Kg3 b1=Q 50. Bxb1 Rxb1 51. Ra7 Nxe6 52. Rxa6 Kf7 53.
Ra8 Ra1 54. a6 Kg7 55. Kg4 Ra5 56. Kh4 Nc5 57. a7 Nd7 58. Kg3 Nf6 59. Kf3 Ng8
60. Kg4 Ne7 61. Kh4 Nc6 62. Re8 Nxa7 63. Ra8 Ra1 64. Kg4 Kh7 65. Kg3 Kg6 66.
Rg8+ Kh5 67. Kf4 Rf1+ 68. Kg3 Nc6 69. Kh3 Rh1+ 70. Kg3 Ne7 {etc...} 0-1

[Event "XXVe Open de Metz"]
[Site "Metz"]
[Date "2007.04.21"]
[Round "8.11"]
[White "Pytel, Krzysztof"]
[Black "Kosten, Anthony C"]
[Result "1/2-1/2"]
[WhiteElo "2396"]
[BlackElo "2517"]
[PlyCount "54"]
[EventDate "2007.04.21"]

1. d4 Nf6 2. Nf3 e6 3. e3 c5 4. Bd3 Nc6 5. O-O d5 6. b3 Bd6 7. Bb2 O-O 8. a3 b6
9. Nbd2 Bb7 10. Ne5 cxd4 11. exd4 Ne7 12. Qe2 g6 13. g4 Ne8 14. g5 Nf5 15. f4
f6 16. gxf6 Nxf6 17. Rae1 Nh5 18. Qg2 Nfg7 19. Qg4 Rf6 20. Re3 Qe7 21. a4 Raf8
22. Ref3 Nf5 23. R1f2 Qg7 24. Nf1 Nh6 25. Qh3 Bc8 26. Bc1 Nf5 27. c3 Qb7
1/2-1/2

[Event "XXVe Open de Metz"]
[Site "Metz"]
[Date "2007.04.21"]
[Round "8.13"]
[White "Nguyen, Chi-Minh"]
[Black "Kalinitschew, Sergey"]
[Result "1/2-1/2"]
[WhiteElo "2345"]
[BlackElo "2488"]
[PlyCount "123"]
[EventDate "2007.04.21"]

1. d4 d5 2. c4 e6 3. Nf3 Nf6 4. Nc3 Bb4 5. e3 O-O 6. Bd3 c5 7. a3 Bxc3+ 8. bxc3
dxc4 9. Bxc4 Nc6 10. O-O Qc7 11. Qe2 e5 12. d5 Na5 13. e4 Nxc4 14. Qxc4 Ne8 15.
Be3 b6 16. Nd2 Nd6 17. Qe2 f5 18. f4 Nxe4 19. Nxe4 fxe4 20. fxe5 Rxf1+ 21. Rxf1
Qxe5 22. Bf4 Qxd5 23. Rd1 Ba6 24. Rxd5 Bxe2 25. Kf2 Bb5 26. Ke3 h6 27. h4 Bc6
28. Rd6 Rc8 29. Be5 Be8 30. g4 Kf7 31. Kxe4 Rc6 32. g5 Rxd6 33. Bxd6 hxg5 34.
hxg5 Ke6 35. Bb8 Kd7 36. Be5 g6 37. c4 a6 38. Kd3 Kc6 39. Bf6 Bd7 40. Kc3 Be6
41. Bd8 Bg4 42. Kd3 Bh3 43. Kc3 Bf1 44. Kb3 a5 45. Kc3 a4 46. Bf6 Kd7 47. Be5
Be2 48. Bg3 Bf3 49. Bf4 Bc6 50. Bg3 Ke6 51. Bc7 Kf5 52. Bxb6 Kxg5 53. Bxc5 Kf4
54. Kd2 Ke4 55. Ke2 g5 56. Kf2 Kd3 57. Kg3 Bd7 58. Be7 g4 59. c5 Ke4 60. c6 Bc8
61. c7 Kd5 62. Bg5 1/2-1/2

[Event "XXVe Open de Metz"]
[Site "Metz"]
[Date "2007.04.21"]
[Round "8.15"]
[White "Bednarich, Jan"]
[Black "Boidman, Yuri"]
[Result "0-1"]
[WhiteElo "2259"]
[BlackElo "2438"]
[PlyCount "88"]
[EventDate "2007.04.21"]

1. e4 c5 2. d3 e6 3. g3 d5 4. Nd2 Nf6 5. Bg2 Be7 6. f4 Nc6 7. e5 Ng8 8. Ndf3 h5
9. Nh3 Nh6 10. O-O Nf5 11. Re1 b5 12. a3 Qb6 13. c4 bxc4 14. dxc4 d4 15. Rb1
Rb8 16. Nfg5 Na5 17. Bd2 Nb3 18. Nf2 Ba6 19. Bf1 Bxg5 20. fxg5 Rd8 21. Bb4 cxb4
22. Qxb3 O-O 23. Qxb4 Qc7 24. Qd2 Bb7 25. Bd3 Ne3 26. Rxe3 dxe3 27. Qxe3 Rxd3
28. Qxd3 Rd8 29. Qf1 Qc6 30. Rd1 Rxd1 31. Nxd1 Qh1+ 32. Kf2 Qxh2+ 33. Ke1 Qxg3+
34. Qf2 Qxe5+ 35. Qe3 Qh2 36. g6 Qh1+ 37. Kd2 Qg2+ 38. Nf2 Qxg6 39. Qxa7 Qg2
40. Qd4 e5 41. Qe3 h4 42. Ke2 Bc8 43. Qxe5 Bg4+ 44. Ke3 Qf3+ 0-1

[Event "XXVe Open de Metz"]
[Site "Metz"]
[Date "2007.04.21"]
[Round "8.16"]
[White "Sulava, Nenad"]
[Black "Zozulia, Anna"]
[Result "1/2-1/2"]
[WhiteElo "2549"]
[BlackElo "2344"]
[PlyCount "69"]
[EventDate "2007.04.21"]

1. Nf3 Nf6 2. d4 g6 3. Nc3 Bg7 4. e4 d6 5. Be3 c6 6. Qd2 O-O 7. Bh6 Qa5 8.
O-O-O e5 9. h4 Bg4 10. Bxg7 Kxg7 11. dxe5 dxe5 12. h5 Nxh5 13. Qg5 Bxf3 14.
gxf3 f6 15. Qh4 Na6 16. Rd7+ Rf7 17. Rxf7+ Kxf7 18. Qg4 Qc5 19. Bxa6 bxa6 20.
Qd7+ Kg8 21. Qe6+ Kg7 22. Rd1 Rb8 23. Rd7+ Kh6 24. Nd1 Qa5 25. Ne3 Rd8 26. c3
Rxd7 27. Qxd7 Qxa2 28. Ng4+ Kg5 29. Qxh7 Qa1+ 30. Kc2 Qa4+ 31. Kd2 Qa1 32. Qh6+
Kh4 33. Ne3 Qxb2+ 34. Nc2 Qb6 35. Ne3 1/2-1/2

[Event "XXVe Open de Metz"]
[Site "Metz"]
[Date "2007.04.21"]
[Round "8.17"]
[White "Sandu, Mihaela"]
[Black "Shirazi, Kamran"]
[Result "1-0"]
[WhiteElo "2226"]
[BlackElo "2424"]
[PlyCount "36"]
[EventDate "2007.04.21"]

1. e4 e5 2. Nf3 Nc6 3. Nc3 f5 4. d4 fxe4 5. Nxe5 Nf6 6. Bg5 Bb4 7. Bc4 d5 8.
Bxf6 Qxf6 9. Bxd5 Nxe5 10. dxe5 Qxe5 11. O-O Bxc3 12. bxc3 Qxc3 13. Re1 Bf5 14.
Bxe4 O-O 15. Qd5+ Kh8 16. Bxf5 Rad8 17. Qe5 Qd2 18. Re2 Qd1+ 1-0

[Event "XXVe Open de Metz"]
[Site "Metz"]
[Date "2007.04.21"]
[Round "8.18"]
[White "Prasad, Devaki V"]
[Black "Dubois, Martine"]
[Result "1-0"]
[WhiteElo "2413"]
[BlackElo "2092"]
[PlyCount "53"]
[EventDate "2007.04.21"]

1. e4 Nf6 2. e5 Nd5 3. d4 d6 4. c4 Nb6 5. exd6 cxd6 6. Nc3 Nc6 7. d5 Ne5 8. f4
Ned7 9. Be3 Nf6 10. Be2 g6 11. Nf3 Bg7 12. Rc1 O-O 13. O-O Bg4 14. h3 Bd7 15.
Nd4 Ne8 16. b3 Bh8 17. Qd2 Ng7 18. g4 e5 19. fxe5 dxe5 20. Nf3 f6 21. c5 Nc8
22. Bc4 Re8 23. Rcd1 Qa5 24. Ne4 Qxd2 25. Nxf6+ Kf7 26. Ng5+ Ke7 27. Bxd2 1-0

[Event "XXVe Open de Metz"]
[Site "Metz"]
[Date "2007.04.21"]
[Round "8.20"]
[White "Defrance, Laurent"]
[Black "Peric, Slavisa"]
[Result "0-1"]
[WhiteElo "2177"]
[BlackElo "2289"]
[PlyCount "110"]
[EventDate "2007.04.21"]

1. d4 e6 2. c4 d5 3. Nc3 c6 4. cxd5 exd5 5. Nf3 Nf6 6. Bg5 Be7 7. Qc2 g6 8. e3
Bf5 9. Bd3 Bxd3 10. Qxd3 O-O 11. Bxf6 Bxf6 12. O-O a5 13. Rab1 Na6 14. a3 Be7
15. Ne5 Bd6 16. f4 f5 17. Rf3 Qe7 18. Kh1 Nc7 19. Rg1 Bxe5 20. dxe5 Ne6 21. g4
Kh8 22. gxf5 Rxf5 23. Rh3 Rg8 24. Rhg3 Rd8 25. Rh3 Qf7 26. Ne2 d4 27. exd4 Nxf4
28. Nxf4 Rxf4 29. Qxg6 Qd5+ 30. Qg2 Qxg2+ 31. Rxg2 Rdxd4 32. Rhg3 Rf1+ 33. Rg1
Rxg1+ 34. Rxg1 b6 35. Rc1 c5 36. Rc2 Re4 37. Kg2 Kg7 38. Kf3 Rxe5 39. Kf4 Rd5
40. Ke4 Rh5 41. Rd2 b5 42. Rc2 a4 43. Rd2 Rh3 44. Rc2 c4 45. Ke5 Rb3 46. Kf5
Kf7 47. h4 Kg7 48. Kg5 Rd3 49. Re2 Rd5+ 50. Kg4 h5+ 51. Kg3 Kf6 52. Kf4 Rd4+
53. Kg3 Rd3+ 54. Kh2 c3 55. bxc3 Rxc3 0-1

[Event "XXVe Open de Metz"]
[Site "Metz"]
[Date "2007.04.21"]
[Round "8.31"]
[White "Bazille, Reynald"]
[Black "Avgerinos, Nicolas"]
[Result "0-1"]
[WhiteElo "1850"]
[BlackElo "2003"]
[PlyCount "75"]

1. c4 e5 2. Nc3 Nc6 3. Nf3 d6 4. e3 Be7 5. g3 h5 6. Nd5 e4 7. Nxe7 Qxe7 8. Nd4
Ne5 9. Be2 c5 10. Nb5 Nf6 11. d4 exd3 12. Bxd3 a6 13. Nc3 Bd7 14. Nd5 Nxd5 15.
cxd5 Bg4 16. Be2 Bxe2 17. Qxe2 Qf6 18. Rb1 Nf3+ 19. Kd1 Ne5 20. Ke1 Qf5 21. e4
Qg4 22. Qxg4 hxg4 23. Bf4 f6 24. Ke2 Kd7 25. Bxe5 fxe5 26. f3 Rh3 27. fxg4 Rah8
28. Rbf1 Rxh2+ 29. Rxh2 Rxh2+ 30. Ke3 Ke7 31. Rb1 b5 32. a3 Rg2 33. Kf3 Rc2 34.
b3 Kf6 35. a4 b4 36. Re1 a5 37. Re3 Kg5 38. Rd3 0-1

[Event "XXVe Open de Metz"]
[Site "Metz"]
[Date "2007.04.21"]
[Round "8.47"]
[White "Bormann, Marco"]
[Black "Bassine, David"]
[Result "1/2-1/2"]
[WhiteElo "1499"]
[BlackElo "1600"]
[Annotator "Bormann,Marco"]
[PlyCount "81"]

1. Nf3 Nf6 2. g3 d5 3. Bg2 c5 4. d3 Nc6 5. O-O Bf5 6.
Nh4 Bc8 7. Nd2 e6 8. e4 Be7 9. f4 O-O 10. Kh1 b5 11. b3 Bb7 12. Nhf3 Qc7 13.
Bb2 Ng4 14. Qe2 d4 15. Rfc1 Rad8 16. Nxd4 Nxd4 17. Qxg4 e5 18. fxe5 Bc8 19. Qd1
Qxe5 20. Nf3 Qb8 21. Nxd4 cxd4 22. Qf3 Bf6 23. Rf1 Be5 24. Bc1 Qc7 25. Rf2 Rd6
26. Ba3 Rf6 27. Qe2 Rxf2 28. Qxf2 Re8 29. Bc1 Re6 30. Bf4 Rf6 31. Bxe5 Qxe5 32.
Qd2 Qc7 33. a4 Ra6 34. Kg1 Bd7 35. a5 Qc5 36. b4 Qc8 37. Rf1 Rc6 38. Rf2 Qf8
39. Qe1 Be6 40. Qb1 Qc8 41. Qb2 1/2-1/2